000 00660nam a2200229Ia 4500
003 OSt
005 20220924122543.0
006 a|||||r|||| 00| 0
007 ta
008 220923b |||||||| |||| 00| 0 urd d
024 _a311184
037 _cTextual
040 _aARTS
_cARTS
_burd
041 _2urd
_aurd
082 _a028,3D95:g, 168D9
100 _aYaqoob Mohammad Au.
_9189893
245 0 _aQissa shah-e-yaman
_b qissa-e-sindbad jihazi
260 _aLuckhnow
_bMunshi Naval Kishore India
_c1948
650 _aARABIC POETRY
942 _h028,3D95:g, 168D9
_cTEXL
_2CC
999 _c412101
_d412101